000 00792nam a2200217Ii 4500
003 JO-AjNU
008 230605s9999||||xx |||||||||||||| ||und||
017 _a1986/1148
040 _aJO-AjNU
_bara
_erda
_cJO-AjNU
041 _aara
050 1 4 _aDS70.5.I7.F3764 1986
100 3 _aعلي، فاضل عبدالواحد,
_eauthor
_934805
245 0 0 _aعشتار ومأساة تموز
250 _aط2
264 3 1 _aبغداد: دار الشؤون الثقاففية العامة، 1986
300 _a238ص
336 _atext
_btxt
_2rdacontent
337 _aunmediated
_bn
_2rdamedia
338 _avolume
_bnc
_2rdacarrier
650 4 _aعشتار- الهة اشورية بابلبة، الاساطير الاشورية البابلية-الشعر الاشوري- البابلي
_934806
999 _aA14307
_c17875
_d17875